000 00658cam a22002054a 4500
001 13194272
005 20251128154855.0
008 030512s2004 njua b 001 0 eng
020 _a0131421271
020 _a9780131421271
050 0 0 _aTA183
_b.O82 2004
082 0 0 _a658.1/55
_221
100 1 _aOstwald, Phillip F.,
_d1931-
245 1 0 _aCost analysis and estimating for engineering and management /
_cPhillip F. Ostwald, Timothy S. McLaren.
260 _aUpper Saddle River, NJ :
_bPearson Education,
_cc2004.
300 _axvii, 580 p. :
_bill. ;
_c24 cm.
650 0 _aEngineering
_xEstimates.
700 1 _aMcLaren, Timothy S.
942 _2lcc
_cBK
_n0
999 _c8422
_d8422